000 00850naa a2200229 i 4500
001 11200
003 ES-MaBCM
005 20241016091534.0
008 900913s1990 esp 000 0 spa d
021 _axx
035 _a(OCoLC)1365196820
040 _cES-MaBCM
041 0 _aspa
043 _aesp
100 1 _aValdés Dal-Ré, Fernando
_947434
245 1 3 _aEl nuevo proceso laboral
_cFernando Valdés Dal-Ré
520 _aLa intervención procesal del sindicato. La conciliación extrajudicial. Acumulación de acciones y autos. Los principios del proceso laboral. La demanda. De la presentación de la demanda a la apertura del juicio. El juicio oral.
650 2 7 _aDerecho procesal laboral
_958354
651 2 4 _aEspaña
_9115342
773 0 _aEn:
_tRelaciones laborales
_dMadrid : 1990
_gnº 14, julio ; p. 7-24
_w104507
942 _cAREV
999 _c11200
_d11200